00426nam a2200145 a 4500008004100000010001500041020001800056050001500074100001400089245006800103260004000171300003600211650001400247700001900261190521s2002 ||||||||||||||||| || u a2004315767 a9780750656436 aTA 403 Phi aBolton, W10aTechnology of engineering materialscMathew Philip, Bill Bolton aOxfordbButterworth-Heinemannc2002 aviii, 471 pages : illustrations 0aMATERIALS aPhilip, Mathew